00725 a2200205 4500010001400000020001100014035001300025037001500038082001200053090001500065100002400080245005300104250001900157260004800176270009200224300002500316942002700341999001500368952013600383 aENG-87960 c340.00 aEN-71493 bDBAD / PUB14a338.954 c7607d76071 aCherunilam, Francis1 aBusiness and government /cby Francis Cherunilam a14th rev. ed. aNew DelhibHimalaya Publishing Housec2007 aPooja Apartments, 4-B, Murari Lal Street, Ansari Road, Darya GanjbNew Delhie110 002 a470 p.c24 cm (pbk) adplcENk338.954 / CHE c7474d7474 00102ddc40718NFICaDBADbDBADeDBAD/PUBg340.00l0o338.954 CHEpEN-71493r2008-09-15 00:00:00t1u8357v340.00w2008-09-15yEN